<?xml version="1.0" encoding="UTF-8"?>
<record
    xmlns:xsi="http://www.w3.org/2001/XMLSchema-instance"
    xsi:schemaLocation="http://www.loc.gov/MARC21/slim http://www.loc.gov/standards/marcxml/schema/MARC21slim.xsd"
    xmlns="http://www.loc.gov/MARC21/slim">

  <leader>01647cam a2200481 a 4500</leader>
  <datafield tag="999" ind1=" " ind2=" ">
    <subfield code="c">23968</subfield>
    <subfield code="d">23968</subfield>
  </datafield>
  <controlfield tag="001">vtls009492131</controlfield>
  <controlfield tag="005">20251024080519.0</controlfield>
  <controlfield tag="008">160208s2009    xo a   g      000 0 slo  </controlfield>
  <datafield tag="020" ind1=" " ind2=" ">
    <subfield code="a">9788080711139 (viaz.)</subfield>
  </datafield>
  <datafield tag="035" ind1=" " ind2=" ">
    <subfield code="a">A7B64652-F7C3-459D-9B2C-11C57291F0ED</subfield>
  </datafield>
  <datafield tag="035" ind1=" " ind2=" ">
    <subfield code="a">urn:nbn:sk:snk-amk8bt</subfield>
  </datafield>
  <datafield tag="035" ind1=" " ind2=" ">
    <subfield code="a">urn:nbn:sk:snk-am008cuv</subfield>
  </datafield>
  <datafield tag="040" ind1=" " ind2=" ">
    <subfield code="a">POKPOH</subfield>
    <subfield code="b">slo</subfield>
    <subfield code="c">POKPOH</subfield>
    <subfield code="d">SNK</subfield>
    <subfield code="e">AACR2</subfield>
  </datafield>
  <datafield tag="041" ind1="0" ind2=" ">
    <subfield code="a">slo</subfield>
  </datafield>
  <datafield tag="044" ind1=" " ind2=" ">
    <subfield code="a">xo</subfield>
    <subfield code="c">SK</subfield>
  </datafield>
  <datafield tag="072" ind1=" " ind2="7">
    <subfield code="a">17</subfield>
    <subfield code="x">Etika. Mor&#xE1;lna filozofia</subfield>
    <subfield code="2">konspekt</subfield>
  </datafield>
  <datafield tag="072" ind1=" " ind2="7">
    <subfield code="a">27-4</subfield>
    <subfield code="x">Praktick&#xE1; teol&#xF3;gia. Mor&#xE1;lna teol&#xF3;gia</subfield>
    <subfield code="2">konspekt</subfield>
  </datafield>
  <datafield tag="080" ind1=" " ind2=" ">
    <subfield code="a">316.64</subfield>
    <subfield code="2">2001</subfield>
  </datafield>
  <datafield tag="080" ind1=" " ind2=" ">
    <subfield code="a">17.02</subfield>
    <subfield code="2">2001</subfield>
  </datafield>
  <datafield tag="080" ind1=" " ind2=" ">
    <subfield code="a">159.923.5</subfield>
    <subfield code="2">2001</subfield>
  </datafield>
  <datafield tag="080" ind1=" " ind2=" ">
    <subfield code="a">(0:82-32)</subfield>
    <subfield code="2">2001</subfield>
  </datafield>
  <datafield tag="080" ind1=" " ind2=" ">
    <subfield code="a">27-47</subfield>
    <subfield code="2">2001</subfield>
  </datafield>
  <datafield tag="080" ind1=" " ind2=" ">
    <subfield code="a">316.472.4</subfield>
    <subfield code="2">2001</subfield>
  </datafield>
  <datafield tag="080" ind1=" " ind2=" ">
    <subfield code="a">(0:82-84)</subfield>
    <subfield code="2">2001</subfield>
  </datafield>
  <datafield tag="080" ind1=" " ind2=" ">
    <subfield code="a">27-4</subfield>
    <subfield code="2">2001</subfield>
  </datafield>
  <datafield tag="245" ind1="0" ind2="0">
    <subfield code="a">Po&#x10F;me sa rozpr&#xE1;va&#x165;</subfield>
    <subfield code="b">&#x10F;al&#x161;&#xED;ch 15 zauj&#xED;mav&#xFD;ch kapitol zo &#x17E;ivota</subfield>
    <subfield code="c">[spracovali Marcela a Stanislav Bielikovci ; ilustr&#xE1;cie Branislav Matis na mot&#xED;vy kresieb Olgy Pazerini]</subfield>
  </datafield>
  <datafield tag="250" ind1=" " ind2=" ">
    <subfield code="a">1. vyd.</subfield>
  </datafield>
  <datafield tag="260" ind1=" " ind2=" ">
    <subfield code="a">Vr&#xFA;tky</subfield>
    <subfield code="b">Advent-Orion</subfield>
    <subfield code="c">2009</subfield>
  </datafield>
  <datafield tag="300" ind1=" " ind2=" ">
    <subfield code="a">269 s.</subfield>
    <subfield code="b">ilustr.</subfield>
    <subfield code="c">22 cm</subfield>
  </datafield>
  <datafield tag="490" ind1="1" ind2=" ">
    <subfield code="a">Prame&#x148;</subfield>
  </datafield>
  <datafield tag="650" ind1="0" ind2="7">
    <subfield code="a">&#x17E;ivotn&#xE9; postoje</subfield>
    <subfield code="2">SNKPH</subfield>
    <subfield code="9">4492</subfield>
  </datafield>
  <datafield tag="650" ind1="0" ind2="7">
    <subfield code="a">&#x17E;ivotn&#xE1; m&#xFA;dros&#x165;</subfield>
    <subfield code="2">SNKPH</subfield>
    <subfield code="9">1966</subfield>
  </datafield>
  <datafield tag="650" ind1="0" ind2="7">
    <subfield code="a">kres&#x165;ansk&#xE1; v&#xFD;chova</subfield>
    <subfield code="2">SNKPH</subfield>
    <subfield code="9">4835</subfield>
  </datafield>
  <datafield tag="650" ind1="0" ind2="7">
    <subfield code="a">sebav&#xFD;chova</subfield>
    <subfield code="2">SNKPH</subfield>
    <subfield code="9">1949</subfield>
  </datafield>
  <datafield tag="650" ind1="0" ind2="7">
    <subfield code="a">interperson&#xE1;lne vz&#x165;ahy</subfield>
    <subfield code="2">SNKPH</subfield>
    <subfield code="9">1969</subfield>
  </datafield>
  <datafield tag="650" ind1=" " ind2="7">
    <subfield code="a">kres&#x165;ansk&#xFD; &#x17E;ivot</subfield>
    <subfield code="2">SNKPH</subfield>
    <subfield code="9">2276</subfield>
  </datafield>
  <datafield tag="655" ind1=" " ind2="7">
    <subfield code="a">pr&#xED;behy</subfield>
    <subfield code="2">SNKPH</subfield>
    <subfield code="9">2455</subfield>
  </datafield>
  <datafield tag="655" ind1=" " ind2="7">
    <subfield code="a">cit&#xE1;ty</subfield>
    <subfield code="2">SNKPH</subfield>
    <subfield code="9">5073</subfield>
  </datafield>
  <datafield tag="700" ind1="1" ind2=" ">
    <subfield code="a">Bielikov&#xE1;, Marcela</subfield>
    <subfield code="4">com</subfield>
    <subfield code="9">5074</subfield>
  </datafield>
  <datafield tag="700" ind1="1" ind2=" ">
    <subfield code="a">Bielik, Stanislav</subfield>
    <subfield code="4">com</subfield>
    <subfield code="9">5075</subfield>
  </datafield>
  <datafield tag="700" ind1="1" ind2=" ">
    <subfield code="a">Matis, Branislav,</subfield>
    <subfield code="d">1978-</subfield>
    <subfield code="4">ill</subfield>
    <subfield code="9">5076</subfield>
  </datafield>
  <datafield tag="958" ind1=" " ind2=" ">
    <subfield code="a">NT</subfield>
  </datafield>
  <datafield tag="952" ind1=" " ind2=" ">
    <subfield code="0">0</subfield>
    <subfield code="1">0</subfield>
    <subfield code="2">udc</subfield>
    <subfield code="4">0</subfield>
    <subfield code="7">0</subfield>
    <subfield code="8">D</subfield>
    <subfield code="a">10000</subfield>
    <subfield code="b">10000</subfield>
    <subfield code="d">2025-10-24</subfield>
    <subfield code="i">22324</subfield>
    <subfield code="l">1</subfield>
    <subfield code="o">S1596</subfield>
    <subfield code="p">S1596</subfield>
    <subfield code="r">2026-04-21</subfield>
    <subfield code="s">2026-02-25</subfield>
    <subfield code="w">2025-10-24</subfield>
    <subfield code="y">OLDO</subfield>
  </datafield>
</record>
